000
00268nam a22001097a 4500
082
_a
500/RAJ
100
_a
Rajan,Dr.Y.S.
_9
81719
245
_a
Nature,Science & Modern Life
260
_a
Delhi
_b
Ocean Books Pvt.Ltd
_c
2019
650
_a
Nature Science
_9
81720
942
_c
BK
999
_c
65877
_d
65877